[Event "Mechanics' Fall TNM; 30/90, SD/30"]
[Site "San Francisco"]
[Date "2011.11.01"]
[Round "3.8"]
[White "Gaffagan, Steven"]
[Black "Curto, Barry"]
[Result "1-0"]
[WhiteElo "2072"]
[BlackElo "1900"]
[PlyCount "85"]
[EventDate "2011.??.??"]

1. e4 c6 2. d4 d5 3. Nd2 dxe4 4. Nxe4 Nd7 5. Bc4 Ngf6 6. Ng5 e6 7. Qe2 Nb6 8.
Bd3 h6 9. N5f3 Bd6 10. Ne5 O-O 11. Ngf3 c5 12. dxc5 Bxc5 13. O-O (13. Bd2 {
followed by castling queenside and g4-g5 was a strong alternative.}) 13... Qc7
14. Bd2 Nbd7 15. Rad1 Nxe5 16. Nxe5 Bd7 17. Nxd7 Qxd7 $2 (17... Nxd7) 18. Bxh6
$1 Qa4 19. Bg5 (19. Qe5 $1 {threating Qxc5 and Bxg7 was a strong blow.} Qh4 20.
Qxc5 Qxh6 21. c4 {should be winning for White.}) 19... Be7 20. c4 Qxa2 21. h4
Qa5 22. b4 $5 Qc7 {Taking on b4 with the queen or bishop was possible.} 23. h5
a5 24. h6 g6 $2 (24... axb4 25. hxg7 Kxg7 26. Bh6+ Kxh6 27. Qe3+ Kg7 28. Qg5+
Kh8 29. Qh6+) 25. Qb2 $6 (25. b5) 25... Ne8 26. Bxe7 Qxe7 27. bxa5 (27. b5)
27... Rxa5 28. Be2 Kh7 29. Rb1 Kxh6 30. Qd2+ Rg5 31. Rb5 f5 32. Rfb1 Nd6 33.
Rb6 Ne4 34. Qf4 Nc5 35. Qh2+ Kg7 36. Qe5+ Rf6 $4 (36... Kf7 $11) 37. R1b5 $1
Nd7 38. Qc7 Rf7 39. Rxb7 f4 40. Bf3 Rxb5 41. cxb5 Qc5 42. Qxc5 Nxc5 43. Rb6 {
Both players quit keeping score at this point. White won in a time scramble.}
1-0

[Event "Mechanics' Fall TNM; 30/90, SD/30"]
[Site "San Francisco"]
[Date "2011.10.25"]
[Round "2.13"]
[White "Gaffagan, Steven"]
[Black "Marshall, Johnathan"]
[Result "1-0"]
[WhiteElo "2072"]
[BlackElo "1589"]
[PlyCount "42"]
[EventDate "2011.??.??"]

1. e4 c5 2. Nf3 d6 3. c3 Nf6 4. Be2 Bd7 5. d3 e6 6. O-O Bc6 7. Re1 Nbd7 8. Bf1
Be7 9. a4 O-O 10. Nbd2 a5 11. d4 Qb8 12. d5 Bxa4 13. Qxa4 exd5 14. exd5 Nb6 15.
Qd1 Re8 16. Bb5 Nbxd5 17. Bxe8 Qxe8 18. Nc4 Qb5 19. Qa4 Qxa4 20. Rxa4 Bd8 21.
Nxd6 Nc7 1-0

[Event "Mechanics' Fall TNM; 30/90, SD/30"]
[Site "San Francisco"]
[Date "2011.12.13"]
[Round "9.6"]
[White "Gaffagan, Steven"]
[Black "Todortsev, Victor"]
[Result "1-0"]
[WhiteElo "2072"]
[BlackElo "1938"]
[Annotator "Donaldson"]
[PlyCount "97"]
[EventDate "2011.??.??"]

1. Nf3 d5 2. b3 Nf6 3. Bb2 g6 4. e3 Bg7 5. Be2 O-O 6. O-O c5 7. d4 cxd4 8. exd4
Nc6 9. Nbd2 Re8 10. Bb5 a6 11. Bxc6 bxc6 12. Ne5 Qc7 13. Qf3 Be6 14. c4 Nd7 15.
Rfe1 Nxe5 16. dxe5 Qd7 17. Qf4 a5 18. Rad1 a4 19. Ne4 axb3 20. axb3 Ra2 21. Nc5
Qc8 22. Bd4 dxc4 23. bxc4 Rc2 24. Rc1 Ra2 25. h3 h5 26. Rc3 Kh7 27. g4 Bh6 28.
g5 Bg7 29. h4 Bf5 30. Rce3 e6 31. Ne4 Re7 32. Rb3 Bxe4 33. Qxe4 c5 34. Be3 Qc7
35. Bf4 Rd7 36. Rd3 Qd8 37. Red1 Raa7 38. Be3 Bf8 39. Kg2 Rxd3 40. Rxd3 Qc7 41.
Rb3 Bg7 42. Rb5 Qxe5 43. Qxe5 Bxe5 44. Rxc5 Bc7 45. Rb5 Ra8 46. Rb7 Rc8 47. c5
Kg7 48. Bd4+ e5 $4 (48... Kf8 $14) 49. Rxc7 1-0

[Event "Mechanics' Fall TNM; 30/90, SD/30"]
[Site "San Francisco"]
[Date "2011.11.29"]
[Round "7.1"]
[White "Gaffagan, Steven"]
[Black "Winslow, Elliott"]
[Result "0-1"]
[WhiteElo "2072"]
[BlackElo "2421"]
[PlyCount "82"]
[EventDate "2011.??.??"]

1. Nf3 Nf6 2. b3 d6 3. Bb2 Nbd7 4. g3 g6 5. Bg2 Bg7 6. O-O O-O 7. c4 e5 8. d3
c6 9. Nbd2 Re8 10. Qc2 a5 11. a3 Nh5 12. b4 f5 13. e4 f4 14. c5 dxc5 15. bxc5
Qe7 16. a4 g5 17. g4 Nhf6 18. h3 h5 19. Qb3+ Kh7 20. Nxg5+ Kg6 21. d4 hxg4 22.
hxg4 Nxg4 23. Ndf3 Bh6 24. Nh3 exd4 25. Nxd4 Nxc5 26. Qc2 Ne5 27. Nf5 Qf8 28.
Ra3 Bxf5 29. exf5+ Qxf5 30. Qxf5+ Kxf5 31. Rb1 Rad8 32. Bxe5 Rxe5 33. Bf3 Rd4
34. Kg2 Bf8 35. Raa1 Re7 36. Bd1 Rd2 37. Ra3 Ne4 38. Rf3 Rg7+ 39. Kf1 Bd6 40.
Rc1 Rd4 41. Bb3 Nd2+ 0-1

[Event "Mechanics' Fall TNM; 30/90, SD/30"]
[Site "San Francisco"]
[Date "2011.11.22"]
[Round "6.3"]
[White "Gaffagan, Steven"]
[Black "Wong, Russell"]
[Result "1-0"]
[WhiteElo "2072"]
[BlackElo "2200"]
[PlyCount "53"]
[EventDate "2011.??.??"]

1. Nf3 d5 2. d4 Bf5 3. Bf4 e6 4. e3 c5 5. Bxb8 Qxb8 6. Bb5+ Kd8 7. Ne5 Qc7 8.
O-O a6 9. Be2 Bd6 10. c4 Bxb1 11. Rxb1 Bxe5 12. dxe5 Qxe5 13. b4 cxb4 14. Rxb4
Rb8 15. cxd5 exd5 16. e4 Nf6 17. exd5 Re8 18. Bf3 Qd6 19. Qb1 b6 20. Rc4 Ke7
21. Rc6 Qa3 22. Rxb6 Rbd8 23. Rd1 Rd6 24. Rb8 Red8 25. Re1+ Kf8 26. Qb7 Ng8 27.
Qc7 1-0

[Event "Mechanics' Fall TNM; 30/90, SD/30"]
[Site "San Francisco"]
[Date "2011.11.08"]
[Round "4.18"]
[White "Ganem, Paul"]
[Black "Bertot, German"]
[Result "1-0"]
[WhiteElo "1845"]
[BlackElo "1629"]
[PlyCount "29"]
[EventDate "2011.??.??"]

1. e4 e5 2. Nc3 Nc6 3. Bc4 Nf6 4. f4 exf4 5. Nf3 d6 6. d4 Bg4 7. O-O g5 8. a3
Qd7 9. b4 O-O-O 10. Bb2 Bg7 11. Qd3 h6 12. Bb5 d5 13. Ne5 Qe6 14. Bxc6 bxc6 15.
Qa6+ 1-0

[Event "Mechanics' Fall TNM; 30/90, SD/30"]
[Site "San Francisco"]
[Date "2011.11.15"]
[Round "5.17"]
[White "Ganem, Paul"]
[Black "Keiper, Ryan"]
[Result "0-1"]
[WhiteElo "1845"]
[BlackElo "1520"]
[Annotator "Donaldson"]
[PlyCount "56"]
[EventDate "2011.??.??"]

1. e4 c6 2. d4 d5 3. exd5 cxd5 4. c4 Nf6 5. Nc3 e6 6. Nf3 Bb4 7. a3 Bxc3+ 8.
bxc3 Qc7 9. cxd5 exd5 10. Bb5+ Bd7 11. Bxd7+ Nbxd7 12. O-O O-O 13. Qb3 Rac8 14.
Bg5 Qxc3 15. Qxb7 Rb8 16. Qa6 Ne4 17. Rac1 Qb2 18. Bf4 Rb7 19. Qc6 Ndf6 20. Rc2
Qb3 21. Rfc1 Rb6 22. Qc7 Qxa3 23. Ne5 Rb2 24. Rxb2 Qxb2 25. Nd3 $2 (25. Qc2) (
25. Be3) 25... Qxd4 26. Qc2 Nxf2 $1 27. Be3 Qxd3 28. Qxf2 $2 (28. Bxf2) 28...
Ng4 0-1

[Event "Mechanics' Fall TNM; 30/90, SD/30"]
[Site "San Francisco"]
[Date "2011.12.06"]
[Round "8.14"]
[White "Ganem, Paul"]
[Black "Montoya, Daniel"]
[Result "1/2-1/2"]
[WhiteElo "1845"]
[BlackElo "1535"]
[PlyCount "63"]
[EventDate "2011.??.??"]

1. e4 e5 2. Nc3 Nf6 3. g3 d5 4. exd5 Nxd5 5. Bg2 Nxc3 6. bxc3 Bd6 7. d3 O-O 8.
Ne2 Nc6 9. O-O Be6 10. d4 exd4 11. cxd4 Bc4 12. c3 Re8 13. Re1 Qe7 14. Be3 Qf6
15. Nf4 Rab8 16. Qd2 Ne7 17. Nd3 Nf5 18. Bg5 Qg6 19. Nb2 Ba6 20. Bf4 Qg4 21.
Bxd6 Nxd6 22. Rxe8+ Rxe8 23. Re1 Rxe1+ 24. Qxe1 b6 25. Qe7 Qc8 26. Bd5 Bb7 27.
Bxb7 Nxb7 28. Nc4 Qd8 29. Qe4 Qc8 30. Qc6 Kf8 31. d5 Qe8 32. Qxe8+ 1/2-1/2

[Event "Mechanics' Fall TNM; 30/90, SD/30"]
[Site "San Francisco"]
[Date "2011.10.25"]
[Round "2.4"]
[White "Ganem, Paul"]
[Black "Shakhnazarov, Oleg"]
[Result "0-1"]
[WhiteElo "1845"]
[BlackElo "2159"]
[PlyCount "98"]
[EventDate "2011.??.??"]

1. e4 e5 2. Nc3 Nc6 3. g3 Bc5 4. Bg2 Nf6 5. h3 g5 6. d3 Rg8 7. Na4 Be7 8. Nc3
d6 9. Be3 Nd4 10. Qd2 Ne6 11. Nge2 c5 12. Nd1 Nf4 13. Bf1 d5 14. gxf4 gxf4 15.
Bxf4 exf4 16. e5 Nh5 17. Ndc3 f3 18. Ng1 Bg5 19. Qd1 Qa5 20. d4 Be6 21. Bb5+
Ke7 22. Nxf3 Bf4 23. a3 a6 24. Be2 Rac8 25. Qd3 Ng7 26. Nh4 Bg5 27. Nf3 Bf5 28.
Nxg5 Bxd3 29. Bxd3 cxd4 30. b4 Qd8 31. Ne2 Ne6 32. Nxh7 Qc7 33. Nf6 Qxe5 34.
Nxg8+ Rxg8 35. O-O-O a5 36. f4 Qe3+ 37. Kb2 axb4 38. axb4 Rg2 39. f5 Ng5 40.
Nc1 Kf6 41. h4 Nf3 42. h5 Qe7 43. Ka3 Rg8 44. h6 Ra8+ 45. Kb3 Qd7 46. h7 Qa4+
47. Kb2 Qa3+ 48. Kb1 Nd2+ 49. Rxd2 Qa1# 0-1

[Event "Mechanics' Fall TNM; 30/90, SD/30"]
[Site "San Francisco"]
[Date "2011.11.22"]
[Round "6.15"]
[White "Ganesh, Vikram"]
[Black "Donnelly, Patrick"]
[Result "1-0"]
[WhiteElo "1787"]
[BlackElo "1499"]
[PlyCount "59"]
[EventDate "2011.??.??"]

1. e4 c5 2. Nc3 d6 3. f4 Nc6 4. Bb5 a6 5. Bxc6+ bxc6 6. Nf3 Nf6 7. d3 Rb8 8.
O-O Qb6 9. Kh1 h5 10. Qe1 e6 11. e5 Ng4 12. h3 Nh6 13. exd6 Bxd6 14. Ne4 Bc7
15. Qc3 Nf5 16. b3 Qb4 17. Qc4 f6 18. Bd2 Qxc4 19. dxc4 e5 20. fxe5 fxe5 21. c3
O-O 22. Rfe1 Ne7 23. h4 Bg4 24. Nxc5 Bxf3 25. gxf3 Rxf3 26. Nxa6 Rd8 27. Bg5
Bd6 28. c5 Bxc5 29. Nxc5 Re8 30. Rxe5 1-0

[Event "Mechanics' Fall TNM; 30/90, SD/30"]
[Site "San Francisco"]
[Date "2011.11.08"]
[Round "4.19"]
[White "Ganesh, Vikram"]
[Black "James, Charles"]
[Result "1-0"]
[WhiteElo "1787"]
[BlackElo "1552"]
[PlyCount "57"]
[EventDate "2011.??.??"]

1. e4 e6 2. d4 d5 3. e5 c5 4. c3 Nc6 5. Nf3 Qb6 6. a3 c4 7. Be2 Bd7 8. Nbd2 Nh6
9. O-O Be7 10. Qe1 Nf5 11. Bd1 Na5 12. Qe2 Nb3 13. Nxb3 cxb3 14. Qe1 Bb5 15.
Be2 O-O 16. Bxb5 Qxb5 17. Qd1 a5 18. a4 Qa6 19. Qxb3 Rab8 20. Qb5 Qc6 21. Bd2
Qxb5 22. axb5 b6 23. Bg5 f6 24. Bf4 g5 25. Bg3 Nxg3 26. fxg3 g4 27. exf6 Rxf6
28. Ne5 h5 $2 29. Rxf6 1-0

[Event "Mechanics' Fall TNM; 30/90, SD/30"]
[Site "San Francisco"]
[Date "2011.12.06"]
[Round "8.13"]
[White "Ganesh, Vikram"]
[Black "Poling, Scott"]
[Result "1-0"]
[WhiteElo "1787"]
[BlackElo "1632"]
[PlyCount "53"]
[EventDate "2011.??.??"]

1. e4 e6 2. d4 d5 3. e5 c5 4. c3 Nc6 5. Nf3 Qb6 6. a3 c4 7. Nbd2 Na5 8. h4 h5
9. g3 Bd7 10. Bg2 Ne7 11. O-O Nf5 12. Ne1 Be7 13. Bh3 g5 14. hxg5 Bxg5 15. Rb1
O-O-O 16. Nxc4 Nxc4 17. Bxg5 Rdg8 18. Bf6 Nxg3 19. fxg3 Rxg3+ 20. Kh2 Rhg8 21.
Rf3 R3g6 22. Nd3 Rg1 23. Qxg1 Rxg1 24. Rxg1 Be8 25. Rg8 Qb5 26. Bg5 Nxb2 27.
Rxe8+ 1-0

[Event "Mechanics' Fall TNM; 30/90, SD/30"]
[Site "San Francisco"]
[Date "2011.12.06"]
[Round "8.5"]
[White "Goins, Demetrius"]
[Black "Chamberlain, Ethan"]
[Result "1-0"]
[WhiteElo "2084"]
[BlackElo "1930"]
[PlyCount "37"]
[EventDate "2011.??.??"]

1. d4 Nf6 2. Nf3 g6 3. Bg5 Bg7 4. Nbd2 O-O 5. e3 h6 6. Bh4 d6 7. Be2 Qe8 8. c3
Nfd7 9. O-O e5 10. dxe5 dxe5 11. Qb3 Nc6 12. Bb5 Nc5 13. Qd5 Ne6 14. Nxe5 Ne7
15. Qxe6 Qxb5 16. Qxe7 Bxe5 17. a4 Bxh2+ 18. Kxh2 Qh5 19. Kg1 1-0

[Event "Mechanics' Fall TNM; 30/90, SD/30"]
[Site "San Francisco"]
[Date "2011.11.08"]
[Round "4.4"]
[White "Goins, Demetrius"]
[Black "Manvelyan, Hovik"]
[Result "1-0"]
[WhiteElo "2084"]
[BlackElo "2056"]
[Annotator "Donaldson"]
[PlyCount "47"]
[EventDate "2011.??.??"]

1. d4 Nf6 2. Nf3 e6 3. c4 d5 4. Nc3 c6 5. Bg5 Nbd7 6. e3 Qa5 7. Bxf6 (7. cxd5
Nxd5 (7... exd5 8. Bd3) 8. Qd2 Bb4) (7. Nd2 dxc4 8. Bxf6 Nxf6 9. Nxc4) 7...
Nxf6 8. cxd5 Nxd5 (8... exd5) 9. Qb3 Bb4 10. Rc1 O-O 11. Bd3 {Diagram #} Qc7 $2
(11... Nxc3 12. bxc3 Bd6) 12. O-O Nxc3 13. Qxb4 (13. bxc3 Bd6) 13... Nxa2 {
Diagram #} 14. Qc5 $2 (14. Bxh7+ Kxh7 15. Qxf8) 14... Nxc1 15. Rxc1 (15. Bxh7+
Kxh7 16. Qh5+ Kg8 17. Ng5 Rd8) 15... Qd8 $2 {Diagram #} (15... h6 16. Bh7+) (
15... Rd8 16. Qh5 g6 17. Qh6 f6) 16. Bxh7+ $1 Kxh7 17. Qh5+ Kg8 18. Ng5 Re8 19.
Qxf7+ Kh8 20. Qh5+ Kg8 21. Qh7+ Kf8 22. Qh8+ Ke7 23. Qxg7+ Kd6 24. Ne4+ 1-0

[Event "Mechanics' Fall TNM; 30/90, SD/30"]
[Site "San Francisco"]
[Date "2011.10.25"]
[Round "2.22"]
[White "Goins, Demetrius"]
[Black "Miller, David"]
[Result "1-0"]
[WhiteElo "2084"]
[BlackElo "1777"]
[PlyCount "49"]
[EventDate "2011.??.??"]

1. d4 d5 2. c4 e6 3. Nc3 Nf6 4. Bg5 Be7 5. e3 O-O 6. Nf3 h6 7. Bh4 b6 8. cxd5
exd5 9. Qc2 Be6 10. Bd3 Nbd7 11. O-O c5 12. Rad1 Rc8 13. Ba6 Ra8 14. Ne5 Nxe5
15. dxe5 Nd7 16. Bg3 Bh4 17. Bb7 Bxg3 18. hxg3 Rb8 19. Bxd5 Qe7 20. f4 f6 21.
Qb3 c4 22. Qxc4 Nc5 23. b4 Bxd5 24. Nxd5 Qe6 25. bxc5 1-0

[Event "Mechanics' Fall TNM; 30/90, SD/30"]
[Site "San Francisco"]
[Date "2011.12.13"]
[Round "9.4"]
[White "Goins, Demetrius"]
[Black "Ramachandran, Jayakrishnan"]
[Result "1/2-1/2"]
[WhiteElo "2084"]
[BlackElo "1791"]
[PlyCount "57"]
[EventDate "2011.??.??"]

1. d4 Nf6 2. Nf3 d5 3. c4 e6 4. Nc3 Nbd7 5. Bg5 Be7 6. e3 O-O 7. Qc2 h6 8. Bh4
c6 9. Bd3 Re8 10. O-O b6 11. Rad1 a5 12. e4 dxe4 13. Nxe4 Bb7 14. Ne5 Nxe4 15.
Bxe7 Qxe7 16. Bxe4 Nxe5 17. dxe5 Rad8 18. Qe2 Rxd1 19. Rxd1 Rd8 20. Bc2 Rd7 21.
Rd3 Rxd3 22. Qxd3 g6 23. c5 Qxc5 24. Qd8+ Kg7 25. Qf6+ Kg8 26. Qd8+ Kg7 27.
Qf6+ Kg8 28. Qd8+ Kg7 29. Qf6+ 1/2-1/2

[Event "Mechanics' Fall TNM; 30/90, SD/30"]
[Site "San Francisco"]
[Date "2011.11.22"]
[Round "6.6"]
[White "Grey, Peter"]
[Black "Chamberlain, Ethan"]
[Result "1-0"]
[WhiteElo "2000"]
[BlackElo "1930"]
[Annotator "Donaldson"]
[PlyCount "75"]
[EventDate "2011.??.??"]

1. e4 c5 2. Nf3 g6 3. d4 cxd4 4. Nxd4 Nc6 5. Nc3 Bg7 6. Be3 Nf6 7. Bc4 Qa5 8.
O-O O-O 9. Bb3 d6 10. h3 Bd7 11. Re1 Rfe8 12. Qe2 Nxe4 $2 13. Nxe4 $2 (13. Nxc6
$1 Bxc6 (13... Nxc3 14. Nxa5 Nxe2+ 15. Rxe2 $18) 14. Nxe4 Bxe4 15. Bd2 $18)
13... Nxd4 14. Bxd4 Bxd4 15. Bxf7+ Kh8 $2 (15... Kxf7 16. Qc4+ Be6 17. Qxd4
Rac8) 16. Bxe8 Rxe8 17. c3 Bg7 18. Nxd6 $1 exd6 19. Qxe8+ Bxe8 20. Rxe8+ Bf8
21. Rxf8+ Kg7 22. Rf3 Qb6 23. b4 d5 24. Rd1 a5 25. a3 axb4 26. axb4 Qc6 27. Rd4
h5 28. Rfd3 Qe6 29. Re3 Qc6 30. h4 b6 31. g3 Kh6 32. Red3 Qe6 33. Kg2 Kg7 34.
Rf3 Kh6 35. Rdf4 Kg7 36. Rf7+ Qxf7 37. Rxf7+ Kxf7 38. Kf3 1-0

[Event "Mechanics' Fall TNM; 30/90, SD/30"]
[Site "San Francisco"]
[Date "2011.10.18"]
[Round "1.13"]
[White "Grey, Peter"]
[Black "Nelson, Christopher"]
[Result "1-0"]
[WhiteElo "2000"]
[BlackElo "1537"]
[PlyCount "75"]
[EventDate "2011.??.??"]

1. e4 e5 2. Nf3 Nc6 3. Bb5 g6 4. c3 Bg7 5. d4 exd4 6. cxd4 Nge7 7. O-O O-O 8.
d5 Ne5 9. Nxe5 Bxe5 10. Nc3 d6 11. Bh6 Bg7 12. Qd2 a6 13. Ba4 b5 14. Bb3 Re8
15. Bxg7 Kxg7 16. Qd4+ f6 17. f4 Ng8 18. Rae1 Bb7 19. e5 Kf8 20. Ne4 f5 21. Ng5
Qd7 22. exd6 cxd6 23. Ne6+ Rxe6 24. Rxe6 Re8 25. Rfe1 Rxe6 26. Rxe6 Kf7 27. Qh8
Bc8 28. Qxh7+ Kf8 29. Qxd7 Bxd7 30. Rxd6 Ke7 31. Rxa6 Nf6 32. d6+ Kd8 33. Ra8+
Bc8 34. Be6 Nd7 35. Bxd7 Kxd7 36. Rb8 Ba6 37. Rb6 Bc8 38. Kf2 1-0

[Event "Mechanics' Fall TNM; 30/90, SD/30"]
[Site "San Francisco"]
[Date "2011.12.06"]
[Round "8.1"]
[White "Grey, Peter"]
[Black "Winslow, Elliott"]
[Result "0-1"]
[WhiteElo "2000"]
[BlackElo "2421"]
[Annotator "Donaldson"]
[PlyCount "54"]
[EventDate "2011.??.??"]

1. d4 Nf6 2. c4 g6 3. g3 Bg7 4. Bg2 O-O 5. Nc3 d6 6. Nf3 Nbd7 7. O-O e5 8. e4
c6 9. h3 a5 10. Re1 exd4 11. Nxd4 Re8 12. Be3 Nc5 13. Qc2 a4 14. Rad1 Nfd7 15.
f4 Qa5 16. Bf2 Nb6 17. Bf1 Bd7 18. Nf3 $2 a3 19. Bd4 (19. Rxd6 axb2 20. e5)
19... Bxd4+ 20. Nxd4 axb2 21. Qxb2 Nba4 22. Nxa4 Qxa4 23. Nb3 Nxe4 24. Rxe4
Rxe4 25. Rxd6 Qa7+ 26. c5 Be6 27. Qf6 Bxb3 0-1

[Event "Mechanics' Fall TNM; 30/90, SD/30"]
[Site "San Francisco"]
[Date "2011.11.08"]
[Round "4.8"]
[White "Grey, Peter"]
[Black "de Lenea, Digne"]
[Result "1-0"]
[WhiteElo "2000"]
[BlackElo "1900"]
[PlyCount "54"]
[EventDate "2011.??.??"]

1. e4 e6 2. d4 d5 3. Nc3 Nf6 4. e5 Nfd7 5. Nf3 c5 6. dxc5 Bxc5 7. Bf4 Nc6 8.
Bd3 Nb4 9. O-O O-O 10. Bxh7+ Kxh7 11. Ng5+ Kg6 12. a3 Be7 13. axb4 Bxg5 14.
Qd3+ Kh6 15. Qh3+ Kg6 16. g4 Rh8 17. Bxg5 Qxg5 18. Qxh8 Qxg4+ 19. Kh1 Qf3+ 20.
Kg1 Nxe5 21. Qh4 Bd7 22. Qg3+ Kf6 23. Rae1 Qf5 24. f4 Nc6 25. Re5 Nxe5 26.
fxe5+ Ke7 27. Rxf5 exf5 1-0

[Event "Mechanics' Fall TNM; 30/90, SD/30"]
[Site "San Francisco"]
[Date "2011.12.06"]
[Round "8.21"]
[White "Harris, Clarence"]
[Black "Eytan, David"]
[Result "1-0"]
[WhiteElo "1336"]
[BlackElo "1531"]
[Annotator "Donaldson"]
[PlyCount "41"]
[EventDate "2011.??.??"]

1. e4 c5 2. Nf3 Nc6 3. d3 g6 4. g3 Bg7 5. Bg2 d6 6. O-O Nf6 7. Nbd2 Rb8 8. a4
h5 9. Nc4 h4 10. Nxh4 Be6 11. c3 Qd7 12. Re1 Bh3 13. f3 Bxg2 14. Kxg2 Bh6 15.
Bxh6 Rxh6 16. Qe2 Kf8 17. e5 Nd5 18. e6 (18. Qd2 $16) 18... fxe6 19. Qxe6 $2 (
19. Qd2) 19... Qxe6 20. Rxe6 Rxh4 21. Rxg6 {Black is close to winning at this
point but later lost. Scoresheets unreadable at this point.} 1-0

[Event "Mechanics' Fall TNM; 30/90, SD/30"]
[Site "San Francisco"]
[Date "2011.11.01"]
[Round "3.17"]
[White "Harris, Clarence"]
[Black "Ganem, Paul"]
[Result "1-0"]
[WhiteElo "1336"]
[BlackElo "1845"]
[PlyCount "73"]
[EventDate "2011.??.??"]

1. e4 e6 2. d3 c5 3. Nf3 d5 4. Nbd2 Nc6 5. g3 Nf6 6. Bg2 Be7 7. O-O O-O 8. Re1
b5 9. e5 Nd7 10. h4 Qc7 11. Qe2 Bb7 12. Nf1 Rfe8 13. Bf4 Nf8 14. h5 Rab8 15.
N1h2 Qd7 16. Ng4 f5 17. exf6 Bxf6 18. Nxf6+ gxf6 19. Bxb8 Rxb8 20. Bh3 Nd8 21.
d4 Qf7 22. h6 Bc8 23. Qe3 Nc6 24. c3 Na5 25. b3 c4 26. b4 Nb7 27. Qf4 Ra8 28.
Qe3 Nd6 29. Nd2 Qh5 30. Kg2 Nf7 31. Rh1 Qg6 32. Rae1 Bd7 33. Nf3 Re8 34. Re2
Ng5 35. Nxg5 Qxg5 36. Qxg5+ fxg5 37. Re5 1-0

[Event "Mechanics' Fall TNM; 30/90, SD/30"]
[Site "San Francisco"]
[Date "2011.11.15"]
[Round "5.19"]
[White "Harris, Clarence"]
[Black "Newey, Richard"]
[Result "0-1"]
[WhiteElo "1336"]
[BlackElo "1742"]
[PlyCount "56"]
[EventDate "2011.??.??"]

1. e4 c5 2. Nf3 d6 3. d3 g6 4. Be2 Bg7 5. O-O Qb6 6. c3 Nf6 7. Qc2 Bd7 8. Nbd2
O-O 9. Nc4 Qc7 10. a4 Nc6 11. a5 b5 12. axb6 axb6 13. Bf4 Nh5 14. Bd2 b5 15.
Ne3 Nf4 16. Rfe1 $4 Nxe2+ 17. Rxe2 Rxa1+ 18. Ne1 e6 19. Ng4 b4 20. Bh6 Ne5 21.
Bxg7 Kxg7 22. Ne3 Rb8 23. b3 bxc3 24. f4 Rxe1+ 25. Rxe1 Nc6 26. Qxc3+ f6 27.
Ng4 Nd4 28. Rb1 $2 Ne2+ 0-1

[Event "Mechanics' Fall TNM; 30/90, SD/30"]
[Site "San Francisco"]
[Date "2011.11.22"]
[Round "6.16"]
[White "Henry, Joseph"]
[Black "Ganem, Paul"]
[Result "0-1"]
[WhiteElo "1287"]
[BlackElo "1845"]
[PlyCount "72"]
[EventDate "2011.??.??"]

1. d4 d5 2. Nf3 Nf6 3. Bf4 g6 4. Nbd2 Bg7 5. h3 O-O 6. e3 b6 7. Be2 Bb7 8. c4
c5 9. O-O Nc6 10. Nb3 cxd4 11. Nfxd4 dxc4 12. Bxc4 e5 13. Nxc6 Qxd1 14. Ne7+
Kh8 15. Rfxd1 exf4 16. exf4 Rae8 17. Nd5 Nxd5 18. Bxd5 Bxd5 19. Rxd5 Bxb2 20.
Rb1 Re2 21. a4 Rc8 22. Rd2 Rc2 23. Rxe2 Rxe2 24. Kf1 Rc2 25. a5 bxa5 26. Nxa5
Bd4 27. f3 Rf2+ 28. Ke1 Rxg2 29. Rb8+ Kg7 30. Nc6 Bf6 31. Kf1 Rg3 32. Kf2 Rxh3
33. Kg2 Rh5 34. Nxa7 Rf5 35. Kg3 Bc3 36. Rb5 Be1+ 0-1

[Event "Mechanics' Fall TNM; 30/90, SD/30"]
[Site "San Francisco"]
[Date "2011.11.15"]
[Round "5.10"]
[White "Henry, Joseph"]
[Black "Khristoforov, Sergey"]
[Result "0-1"]
[WhiteElo "1287"]
[BlackElo "1999"]
[PlyCount "38"]
[EventDate "2011.??.??"]

1. e4 c6 2. Nc3 d5 3. d4 dxe4 4. Nxe4 Bf5 5. Ng3 Bg6 6. Nf3 e6 7. Bg5 Be7 8.
Qd2 Bxg5 9. Nxg5 Bxc2 10. Nxf7 Kxf7 11. Qxc2 Qxd4 12. Rd1 Qb4+ 13. Rd2 Nf6 14.
Bd3 Nbd7 15. a3 Qc5 16. Bc4 b5 17. Bxe6+ $4 (17. Ne4 $11) 17... Kxe6 18. Re2+
Kf7 19. Qb3+ Qd5 0-1

[Event "Mechanics' Fall TNM; 30/90, SD/30"]
[Site "San Francisco"]
[Date "2011.11.15"]
[Round "5.25"]
[White "Hilliard, Michael"]
[Black "Allen, Tom"]
[Result "1-0"]
[WhiteElo "1428"]
[BlackElo "1574"]
[PlyCount "73"]
[EventDate "2011.??.??"]

1. d4 d5 2. Nf3 Nc6 3. e3 Bg4 4. c4 e6 5. cxd5 exd5 6. h3 Be6 7. Qb3 Na5 8.
Qa4+ c6 9. b4 b5 10. Qxa5 Qb8 11. Ne5 Qb7 12. Nd2 Bd6 13. Ndf3 Nf6 14. Bd2 Ne4
15. Rc1 Rc8 16. Nxc6 a6 17. Nce5 Bc7 18. Qa3 O-O 19. Nd3 Qa7 20. Nc5 Ra8 21.
Bd3 Bf5 22. O-O Bd6 23. Rc2 Bxc5 24. dxc5 Qd7 25. Ne5 Qe6 26. f4 Ng3 27. Rf3
Ne4 28. Qc1 f6 29. Ng4 Bxg4 30. hxg4 Qxg4 31. Qe1 Qg6 32. Rg3 Qxg3 33. Qe2 f5
34. Bc1 Qg6 35. Qd1 Rf6 36. Bxe4 dxe4 37. Qd5+ 1-0

[Event "Mechanics' Fall TNM; 30/90, SD/30"]
[Site "San Francisco"]
[Date "2011.10.18"]
[Round "1.20"]
[White "Hilliard, Michael"]
[Black "Anderson, Michael"]
[Result "1-0"]
[WhiteElo "1428"]
[BlackElo "1900"]
[PlyCount "71"]
[EventDate "2011.??.??"]

1. d4 f5 2. Bf4 Nf6 3. e3 g6 4. Nf3 Bg7 5. Be2 O-O 6. O-O b6 7. Nbd2 Bb7 8. c3
e6 9. Qc2 Nc6 10. Rfe1 Ne7 11. Bd3 h6 12. e4 g5 13. Be5 d6 14. Bxf6 Bxf6 15. h3
Bg7 16. Re3 Rc8 17. Qb3 d5 18. exf5 exf5 19. Rae1 Ng6 20. Qc2 Qd7 21. Nh2 c5
22. Rf3 Nf4 23. Rfe3 cxd4 24. Re7 Qc6 25. Bxf5 Rc7 26. Ng4 Rxe7 27. Rxe7 dxc3
28. bxc3 h5 29. Be6+ Kh8 30. Ne5 Qd6 31. Ng6+ Nxg6 32. Qxg6 Qxe7 33. Qxh5+ Bh6
34. Qxh6+ Qh7 35. Qxf8+ Qg8 36. Qxg8# 1-0

[Event "Mechanics' Fall TNM; 30/90, SD/30"]
[Site "San Francisco"]
[Date "2011.12.06"]
[Round "8.18"]
[White "Hilliard, Michael"]
[Black "Curto, Barry"]
[Result "0-1"]
[WhiteElo "1428"]
[BlackElo "1900"]
[PlyCount "90"]
[EventDate "2011.??.??"]

1. d4 d5 2. Nf3 Nf6 3. e3 Bf5 4. Nbd2 e6 5. c4 Be7 6. Qb3 b6 7. Qa4+ Qd7 8.
Qxd7+ Nbxd7 9. cxd5 exd5 10. Bb5 a6 11. Bc6 O-O-O 12. Ne5 Nxe5 13. dxe5 Ng4 14.
Nf3 Be4 15. Bd2 Bxf3 16. gxf3 Nxe5 17. Ba4 Nd3+ 18. Ke2 Nxb2 19. Bb3 Bf6 20.
Rac1 c5 21. Rc2 c4 22. Bc1 Nd3 23. a3 b5 24. Rd1 Kb7 25. Ba2 a5 26. Bb1 b4 27.
Rcd2 Bc3 28. Rc2 Rhe8 29. axb4 axb4 30. Bd2 Bf6 31. Ra2 b3 32. Ra5 Nb2 33. Rg1
Kb6 34. Ra3 Ra8 35. Rxa8 Rxa8 36. Bxh7 c3 37. Bc1 g6 38. Bxg6 Rg8 39. Rg4 Nc4
40. Bxf7 Rxg4 41. fxg4 Kc5 42. Bg6 b2 43. Bxb2 cxb2 44. f4 Bc3 45. e4 b1=Q 0-1

[Event "Mechanics' Fall TNM; 30/90, SD/30"]
[Site "San Francisco"]
[Date "2011.12.13"]
[Round "9.20"]
[White "Hilliard, Michael"]
[Black "Newey, Richard"]
[Result "1-0"]
[WhiteElo "1428"]
[BlackElo "1742"]
[PlyCount "87"]
[EventDate "2011.??.??"]

1. d4 d5 2. Nf3 Nf6 3. e3 e6 4. Nbd2 b6 5. Bd3 c5 6. c3 Bb7 7. O-O Bd6 8. Re1
O-O 9. e4 dxe4 10. Nxe4 Nxe4 11. Bxe4 Bxe4 12. Rxe4 Qc7 13. Be3 Nd7 14. Qc2
cxd4 15. Rxd4 e5 16. Rh4 f5 17. Ng5 Qd8 18. Rxh7 Qxg5 19. Bxg5 Kxh7 20. Rd1 Nc5
21. f3 Bc7 22. Be7 Rf7 23. Bxc5 bxc5 24. Rd5 Rd8 25. Qd3 Bb6 26. Kf1 Re8 27.
Rd7 Rf6 28. Rd6 e4 29. Qd5 Ref8 30. Rxf6 Rxf6 31. Ke2 exf3+ 32. Kxf3 g5 33.
Qd7+ Kg6 34. Qe8+ Rf7 35. Qg8+ Kf6 36. g4 f4 37. Qh8+ Kg6 38. Qh5+ Kf6 39. Qh6+
Ke7 40. Qxg5+ Kf8 41. h4 Bc7 42. h5 Bd6 43. h6 Re7 44. Qf6+ 1-0